000 00796nam a2200301Ia 4500
001 393
003 IT-RoPAU
008 130308s9999 xx 000 0 und d
040 _aIT-RoPAU
040 _cIT-RoPAU
041 _aITALIANO
100 _aRuiz Raul
100 _gCodice Aut. SPICS: 1780
245 _aNon fare più un film come se fosse l'ultimo
245 _bAmerica Latina: Lo schermo Conteso
250 _a1a ed.
260 _aVENEZIA
260 _bMarsilio
260 _c1981 [1° Ed.:1981 - Ed.Ling.Originale:1980]
300 _a"20 p. (prefazione: no ; testo: 20 [pagine: 202-221])"
500 _aCinema Cileno
650 _aSTORIA NAZIONALE DEL CINEMA
650 _eCodice materia Spics: 6809
942 _cBK
957 _71
999 _c54288
_d54288
999 _bSI
999 _g1